000 00579nam a2200205 a 4500
003 MX-MxUPN
005 20240412140941.0
008 991125s1929 mx r 000 0 spa u
035 _aUPN01000016683
040 _aMX-MxUPN
_bspa
_cMX-MxUPN
041 0 _aspa
050 1 4 _aF1234 P44
_bA4.2
100 1 _aAlessio Robles, Miguel,
_d1884-1951
_928522
245 1 0 _aDos asuntos hispánicos
260 _aMéxico :
_bImpr. Manuel León Sánchez,
_c1929.
300 _a19 páginas
600 1 0 _aPereyra, Carlos,
_d1871-1942
_928610
651 4 _aEspaña
_951534
942 _2lcc
_cLIBRO
999 _c16683
_d16683